000 00364nam a2200133Ia 4500
005 20260328104341.0
008 260328s9999||||xx |||||||||||||| ||und||
100 _aShaoqiang, Wang
245 0 _aNuevo DiseƱo editorial ; Libros, Revistas y otros Formatos /
_cWang Shaoqiang
260 _bHOAK Hoaki Books
300 _a239 p.
650 _aREVISTAS
942 _cBK
999 _c12111
_d12111